000 00769nam a22002657a 4500
001 BR8700874
003 BR-BrBNA
005 20230928092359.0
007 ta
008 230509b bl.||||| |||| 00| 0 por d
040 _aBR-BrBNA
_bpor
_cBiblioteca Nacional de Agricultura
041 _a(Por)
072 _aK10
_b/G514
090 _ K10 BR8700874
100 1 _aAndrade, D.X. de
110 1 _aEscola de Agronomia do Nordeste, Areia, PB (Brasil)
_94297
245 1 _aLicoes de silvicultura
260 3 _aAreia, PB (Brasil):
_c1957.
300 _av. 1-2
500 _a(*) Documento disponível no(a) UFPB, Areia, PB (Brazil). Centro de Ciencias Agrarias
650 _aSILVICULTURA
650 _aPARAIBA
909 _a202309
_bLucia
_c55
_dLucia Elande
942 _cBK
999 _c38702
_d38702